Inovatívne prístupy k fiškálnej konsolidácii

Autorka porovnáva modely fiškálnej konsolidácie jednotlivých krajín, respektíve skupín krajín a na ich základe vytvára optimálny model konsolidácie verejných financií, ktorý by mohol byť vodítkom k úspešnému zvládnutiu post krízového obdobia. Teoretické aspekty fiškálnej konsolidácie. Európa 2020.

Na minha lista:
Detalhes bibliográficos
Autor principal: Trebichalská, Lenka
Formato: Capítulo de Livro
Idioma:eslovaco
Assuntos:
Tags: Adicionar Tag
Sem tags, seja o primeiro a adicionar uma tag!

MARC

LEADER 00000nla$a2200000$$$4500
001 0146867
005 20240617094658.4
041 0 |a slo 
044 |a SK 
245 1 0 |a Inovatívne prístupy k fiškálnej konsolidácii  |c Lenka Trebichalská 
520 |a Autorka porovnáva modely fiškálnej konsolidácie jednotlivých krajín, respektíve skupín krajín a na ich základe vytvára optimálny model konsolidácie verejných financií, ktorý by mohol byť vodítkom k úspešnému zvládnutiu post krízového obdobia. Teoretické aspekty fiškálnej konsolidácie. Európa 2020. 
610 2 0 |a financie verejné 
610 2 0 |a deficit 
610 2 0 |a politika fiškálna 
610 2 0 |a konsolidácia 
610 2 0 |a modely 
100 1 |a Trebichalská, Lenka